| 000 | 00561nam a2200205 a 4500 | ||
|---|---|---|---|
| 005 | 20210219153113.0 | ||
| 008 | 991125n 000 0 spa u | ||
| 035 | _aUPN01000078171 | ||
| 100 | 1 | _aEscudero Muñoz, Juan Manuel | |
| 222 | 0 | _aAULA DE INNOVACION EDUCATIVA | |
| 245 | 0 | 3 | _aLa evaluación del proyecto educativo de centro |
| 260 | _aBarcelona, España | ||
| 300 | _a41-45 | ||
| 362 | 0 | _a1995 No. 38, may. | |
| 653 | 0 | _aESPACIOS ESCOLARES | |
| 653 | 0 | _aESPAÑA | |
| 653 | 0 | _aEVALUACION EDUCATIVA | |
| 904 |
_aAC _b015982 |
||
| 905 | _aArticulo | ||
| 999 |
_c68552 _d68552 |
||